Statystyki dla Członkowie Ekipy,Genzie itp.

Kliknij tutaj aby rozwiązać quiz!

Ogólne statystyki

  • Ten quiz został rozwiązany 1 025 razy
    (536 od ostatniego zresetowania)
  • Średni wynik to 12 z 25

Statystyki odpowiedzi

Liczba SubskrybcjiKanał% Poprawnych
4,83 mlnKarol Friz Wiśniewski
97%
2,44 mlnWersow
93%
391 tyśHi_Hania
89%
1,14 mlnMortalcio
80%
1,95 mlnTromba
77%
427 tyś.Fausti
75%
1,49 mlnMini Majk
75%
648 tyś.Kartonii
74%
1,22 mlnMurcix
74%
708 tys.Fusialka
65%
1,09 mlnMarcysia Ryskala
61%
1,36 mlnPatec Wariatec
52%
1,45 mlnGenzie
41%
331 tyśBart Kubicki
36%
2,05 mlnEKIPA
34%
142 tyś.Paulina Kozłowska
29%
398 tyś.Przemek Pro
28%
471 tyś.Nowciax
27%
1,26 mlnKINDLY
13%
108 tyś.Michu Kontrabas
10%
391 tyś.DżoDżo
8%
171 tyśMortalcio Games
8%
307 tyśAlvin
5%
657Hubert Wiśniewski
3%
38,8 tyśDawid Kowolik
2%

Rozkład punktacji

Percentyl według liczby udzielonych odpowiedzi

Procent ludzi z każdym wynikiem

Twoja historia wyników

Nie rozwiązałeś tego quizu od ostatniego zresetowania